000 01111nam a2200253Ia 4500
001 19368
003 GE_BSU
008 181216s||||||||xx |||||||||||||| ||und||
020 _aISBN 99928-848-2-7
040 _cGE_BSU
080 _a27-9(479.22)
100 _aდიასამიძე, ბიჭიკო
245 _aქრისტიანობა დასავლეთ საქართველოში (I-X საუკუნეები)
245 _cრედ.: [გურამ ლორთქიფანიძე]
260 _aბათუმი.
260 _bაჭარა
260 _c2002
300 _a268გვ; 20სმ.
300 _bრეზ. რუს. და ინგლ. ენ.. - ბიბლიოგრ.: გვ. 252-265
653 _aრელიგია
653 _aქრისტიანობა დასავლეთ საქართველოში (I-X საუკუნეები)
653 _aქრისტიანობის ისტორია დასავლეთ საქართველოში;
942 _cBK
999 _c52350
_d52350